Meaning of Life as Perceived by Drug-Abusing People

Gespeichert in:  
Bibliographische Detailangaben
VerfasserInnen: Wolf, Yuval (Verfasst von) ; Katz, Sarah (Verfasst von) ; Nachson, Israel (Verfasst von)
Medienart: Druck Aufsatz
Sprache:Englisch
Veröffentlicht: 1995
In: International journal of offender therapy and comparative criminology
Jahr: 1995, Band: 39, Heft: 2, Seiten: 121-137
Verfügbarkeit prüfen: HBZ Gateway
Schlagwörter:

MARC

LEADER 00000caa a22000002c 4500
001 1640108262
003 DE-627
005 20230427110900.0
007 tu
008 160223s1995 xx ||||| 00| ||eng c
035 |a (DE-627)1640108262 
035 |a (DE-576)456053875 
035 |a (DE-599)BSZ456053875 
040 |a DE-627  |b ger  |c DE-627  |e rakwb 
041 |a eng 
100 1 |a Wolf, Yuval  |4 aut 
245 1 0 |a Meaning of Life as Perceived by Drug-Abusing People  |c Yuval Wolf, Sarah Katz, Israel Nachson 
264 1 |c 1995 
336 |a Text  |b txt  |2 rdacontent 
337 |a ohne Hilfsmittel zu benutzen  |b n  |2 rdamedia 
338 |a Band  |b nc  |2 rdacarrier 
700 1 |a Katz, Sarah  |4 aut 
700 1 |a Nachson, Israel  |4 aut 
773 0 8 |i In  |t International journal of offender therapy and comparative criminology  |d Thousand Oaks, Calif. : Sage Periodicals Press, 1967  |g 39(1995), 2, Seite 121-137  |w (DE-627)129546070  |w (DE-600)218274-9  |w (DE-576)014996383  |x 0306-624X  |7 nnas 
773 1 8 |g volume:39  |g year:1995  |g number:2  |g pages:121-137 
776 1 |o 10.1177/0306624X9503900205 
935 |a mkri 
951 |a AR 
ELC |b 1 
LOK |0 000 xxxxxcx a22 zn 4500 
LOK |0 001 3301436110 
LOK |0 003 DE-627 
LOK |0 004 1640108262 
LOK |0 005 20160223101140 
LOK |0 008 160208||||||||||||||||ger||||||| 
LOK |0 040   |a DE-21-110  |c DE-627  |d DE-21-110 
LOK |0 689   |a s  |a Drogenkonsum 
LOK |0 689   |a s  |a Lebenssinn 
LOK |0 852   |z Kein Bestand am IfK; Nachweis für KrimDok 
LOK |0 852   |a DE-21-110 
LOK |0 852 1  |m v  |9 00 
LOK |0 935   |a k110 
LOK |0 938   |k v 
LOK |0 939   |a 08-02-16  |b l01 
ORI |a SA-MARC-krimdoka001.raw